Σελίδες έρωτος
Αποθηκεύτηκε σε:
| Κύριος συγγραφέας: | |
|---|---|
| Άλλοι συγγραφείς: | |
| Μορφή: | Βιβλίο |
| Γλώσσα: | Greek French |
| Δημοσίευση: |
[Αθήνα] :
Εκδόσεις Αλκυών,
[19--].
|
| Σειρά: | Λογοτεχνικοί θησαυροί.
|
| Θέματα: | |
| Ετικέτες: |
Προσθήκη ετικέτας
Δεν υπάρχουν, Καταχωρήστε ετικέτα πρώτοι!
|
MARC
| LEADER | 00000cam a2200000 a 4500 | ||
|---|---|---|---|
| 001 | 1/115424 | ||
| 008 | 171027n1970####gr | ||| |||| ||gre|| | ||
| 040 | |a GR-MyUa |b gre |c GR-MyUa |e AACR2 | ||
| 041 | 1 | |a gre |h fre | |
| 082 | 7 | |a 843 |2 (23) | |
| 100 | 1 | |a Zola, Émile, |d 1840-1902. | |
| 245 | 1 | 0 | |a Σελίδες έρωτος / |c Εμίλ Ζολά ; μετάφραση Δημ. Κωσταλένος. |
| 260 | |a [Αθήνα] : |b Εκδόσεις Αλκυών, |c [19--]. | ||
| 300 | |a 2 τ. (254, 255-333, 1-158 σ.) ; |c 24 εκ. | ||
| 490 | 1 | |a (Λογοτεχνικοί Θησαυροί) | |
| 501 | |a τ. 2. Δεμένο με : Σύγχρονα Κινέζικα διηγήματα : μια εκλογή / Άρη Δικταίου. Εκδόσεις Αλκυών -- Δεμένα μαζί από τον εκδότη. | ||
| 650 | 0 | |a French fiction |y 19th century. | |
| 700 | 1 | |a Κωσταλένος, Δημήτρης, |e trl | |
| 740 | 0 | |a Σύγχρονα Κινέζικα διηγήματα : μια εκλογή | |
| 830 | 0 | |p Λογοτεχνικοί θησαυροί. | |
| 852 | |a INST |b SAMOS |e 20171027 |h 843 ZOL |p 005300044979 |q 005300044979 |t BK |v τομ.1: |y 0 | ||
| 852 | |a INST |b SAMOS |e 20171027 |h 843 ZOL |p 005300044980 |q 005300044980 |t BK |v τομ.2: |y 0 | ||
| 853 | |a INST |b SAMOS |h 843 ZOL | ||
| 970 | |a Φιλιππή |b Φάλη |z 27-10-2017 | ||